Normal view
MARC view
- ادارة الاعمال-بحوث العمليات-الاساليب الكمية-اتخاذ القرارات
Entry Topical Term
001 - CONTROL NUMBER
- control field: 45159
003 - CONTROL NUMBER IDENTIFIER
- control field: JO-AjAnu
005 - DATE AND TIME OF LATEST TRANSACTION
- control field: 20230606081455.0
008 - FIXED-LENGTH DATA ELEMENTS
- fixed length control field: 230606|| aca||aabn | a|a d
040 ## - CATALOGING SOURCE
- Original cataloging agency: JO-AjAnu
- Transcribing agency: JO-AjAnu
150 ## - HEADING--TOPICAL TERM
- Topical term or geographic name entry element: ادارة الاعمال-بحوث العمليات-الاساليب الكمية-اتخاذ القرارات
670 ## - SOURCE DATA FOUND
- Source citation: Work cat.: (JO-AjAnu)23122: بني هاني، جهاد صياح، نازم محمود الملكاوي، فالح عبد القادر الحوري, author 45158, بحوث العمليات والاساليب الكمية :نظرية وتطبيقية=Operations Research and Quantitative Methods:Theroy and Application